000 02563cam a22006374i 4500
003 PE-LiUPU
005 20250731170447.0
008 150706s2008 mx a rb 000 0 spa d
020 _a9789707293786
035 _a(Sirsi) i9789707293786
040 _aPE-LiUPU
_bspa
_cPE-LiUPU
_erda
049 _aPRUA
082 0 4 _a150.1957
_bG69
_221
100 1 _aGonzález Núñez, José de Jesús,
_eautor.
245 1 0 _aPsicología psicoanalítica del arte /
_cJosé de Jesús González Núñez y Vanessa Nahoul Serio.
264 1 _aMéxico :
_bEditorial EL Manual Moderno,
_c2008.
300 _a27 páginas :
_bilustraciones ;
_c23 centímetros
336 _atext
_2rdacontent
337 _aunmediated
_2rdamedia
338 _avolume
_2rdacarrier
504 _aIncluye referencias bibliográficas.
505 0 _a¿Qué es el arte? -- El arte en el desarrollo -- La percepción en el arte -- Procesos del pensamiento psicoanalítico y el arte -- Intemporalidad -- En el arte -- Psicología del arte aplicada a la música -- Psicología del arte aplicada a la literatura y a la poesía -- Psicología del arte aplicada a la pintura -- Psicología del arte aplicada a la escultura -- Psicología del arte aplicada a la danza -- Psicología del arte aplicada al teatro -- Psicología del arte aplicada al cine -- Arte y Psicoterapia.
526 _aSEG68
526 _aSEG70
526 _aSEG69
526 _aSEG67
526 _aSEG43
526 _aP144
526 _aP143
526 _aP131
526 _aP122
526 _aP120
526 _aP117
526 _aP112
526 _aP110
526 _aP106
526 _aP101
526 _aP80
526 _aP59
526 _aP54
526 _aP35
526 _aP33
526 _aP30
541 _g001-0030486;
650 0 4 _aApreciacion del arte.
650 0 4 _aArte
_xAspectos psicológicos.
650 0 4 _aAspectos Psicologícos.
650 0 4 _aPsicología y arte.
700 1 _aNahoul Serio, Vanessa,
_eautor.
910 _agl
_bjv
_cng
_d20090917
942 _2ddc
_cBOOK
949 _a150.1957 G69
_wDEWEY
_c1
_i60429
_d2016-11-29
_e2016-11-29
_lCCODEBUL1
_mBUL
_n3
_p31.00
_r0
_sY
_tBOOK
_u2015-7-6
_xSALUD
_PP33
_0COMPRA
_o.STAFF. Colección General
994 _aC0
_bPEPRU
596 _a1
999 _a150.1957 G69
_wDEWEY
_c49883
_i60429
_d49883
_e2018-4-4
_f2021-11-3
_g5
_lCCODEBUL1
_mBUL
_n6
_p31.00
_r0
_sY
_tBOOK
_u2015-7-6
_xSALUD
_PP33
_0COMPRA
_o.STAFF. Colección Ciencias de la Salud
980 _81
_gALBERTO SANCHEZ Responsable de Automatización